Leaders /

Bibliographic Details
Main Author: Nixon, Richard M. (Richard Milhous), 1913-1994
Format: Book
Language:English
Published: New York, N.Y. : Warner Books, 1982.
Subjects:

MARC

Tag First Indicator Second Indicator Subfields
LEADER 00000pam a2200000 a 4500
001 in00000088938
005 20151008063329.0
008 820326s1982 nyucf 00110deng
010 |a  82004820  
020 |a 0446512494 :  |c $17.50 
035 |a (OCoLC)08388377 
035 |9 AAK2027AM 
040 |a DLC  |c DLC  |d TXA  |d UtOrBLW 
049 |a TXAM  |c 1 [986339], 2 [275582] 
050 0 0 |a D445  |b N58 1982 
082 0 |a 909.82/092/2  |a B  |2 19 
100 1 |a Nixon, Richard M.  |q (Richard Milhous),  |d 1913-1994. 
245 1 0 |a Leaders /  |c Richard Nixon. 
264 1 |a New York, N.Y. :  |b Warner Books,  |c 1982. 
300 |a 371 pages, 32 unnumbered pages of plates :  |b portraits ;  |c 24 cm. 
336 |a text  |b txt  |2 rdacontent 
337 |a unmediated  |b n  |2 rdamedia 
338 |a volume  |b nc  |2 rdacarrier 
500 |a Includes index. 
600 1 0 |a Nixon, Richard M.  |q (Richard Milhous),  |d 1913-1994. 
650 0 |a World politics  |y 20th century. 
650 0 |a Statesmen  |v Biography. 
999 |a MARS 
999 f f |s fa92f216-2d05-3955-8991-7e0c16533270  |i 19daab51-3325-3315-ad09-c30abbcddb8c  |t 0 
952 f f |p normal  |a Texas A&M University  |b College Station  |c Sterling C. Evans Library  |d Evans: Library Stacks  |t 0  |e D445 .N58 1982  |h Library of Congress classification  |i unmediated -- volume  |m A14805971813 
998 f f |a D445 .N58 1982  |t 0  |l Evans: Library Stacks